000 00664nam a2200229Ia 4500
003 OSt
005 20220923212009.0
006 a|||||r|||| 00| 0
007 ta
008 Pun
024 _a102,335
037 _cTextual
040 _aARTS
_cARTS
_bPun
041 _2Pun
_aPun
082 _aV236L9:51, 153L1
100 _aਸਤਿਬੀਰ ਸਿੰਘ
245 0 _aਅਠਾਰਵੀ੍ਵ ਸਦੀ ਵਿਚ ਬੀਰ ਪਰੰਪਰਾ ਦਾ ਵਿਕਾਸ
260 _c1971
650 _aਭਾਰਤੀਯ ਇਤਿਹਾਸ
942 _hV236L9:51, 153L1
_cTEXL
_2CC
999 _c305290
_d305290